000 01073nam0a22002411 4500
001 rc\2636150
005 20110531124159.3
035 _a(NLR Aleph) 006944422
090 _a5184433
_c5184434
100 _a20110531d1928 |||y0rusy50 ca
101 0 _ageo
_arus
102 _aRU
105 _aa z ||||y
200 1 _aСостояние борьбы с туберкулезом в ССР Грузии
_fДоклад члена Тубсекции НКЗ ССР Грузии д-ра мед. И. Абакелия, прив.-доц. Гос. ун-та
_g4-й Всесоюз. туберкулезный съезд. Здравотдел Тифисполкома
210 _aТифлис
_cСанпросвет
_d1928
215 _a20 с., 6 л. ил.; 20 с., 6 л. ил. парал. паг.
_cил.
_d25 см
300 _aТекст парал. на рус. и груз. яз.
700 1 _aАбакелиа
_bИ. К.
_f1882-
_gИосиф Константинович
801 0 _aRU
_bNLR
_gpsbo
801 1 _aRU
_bELAR
_2rusmarc
852 _aNLR
_j86/539
942 _cBOOK
980 _aNB